[Event "BIH-chT2 27th"]
[Site "Lukavac"]
[Date "2020.10.31"]
[Round "2.2"]
[White "Hebilovic, Mirsad"]
[Black "Babajic, Ehlimana"]
[Result "1-0"]
[WhiteElo "1894"]
[BlackElo "1289"]
[PlyCount "89"]
[EventDate "2020.10.30"]
[EventType "team-tourn"]
[EventRounds "5"]
[EventCountry "BIH"]
[SourceTitle "CBM 199 Extra"]
[Source "ChessBase"]
[SourceDate "2021.01.31"]
[SourceVersion "1"]
[SourceVersionDate "2021.01.31"]
[SourceQuality "1"]
[WhiteTeam "Cazin Ljiljan"]
[BlackTeam "Sloboda Kadeti"]
[WhiteTeamCountry "BIH"]
[BlackTeamCountry "BIH"]

1. e4 e5 2. Nf3 Nc6 3. Bb5 Nd4 4. Ba4 Nxf3+ 5. Qxf3 Qf6 6. Qxf6 Nxf6 7. d3 h6 8. h3 Bc5 9. Be3 Bxe3 10. fxe3 0-0 11. g4 d6 12. Nc3 Be6 13. 0-0-0 a6 14. Bb3 Bxb3 15. axb3 c6 16. Rdg1 Nh7 17. h4 f6 18. Ne2 a5 19. Nc3 b5 20. Kd2 b4 21. Ne2 a4 22. Ra1 axb3 23. cxb3 c5 24. Ra4 Rxa4 25. bxa4 Ra8 26. b3 Kf7 27. Rc1 Ra7 28. d4 cxd4 29. exd4 Nf8 30. Rc6 Nd7 31. Rxd6 exd4 32. Rxd4 Rb7 33. Ng3 Ne5 34. Nf5 Nf3+ 35. Ke3 Nxd4 36. Nd6+ Ke6 37. Nxb7 Nxb3 38. Kd3 Nc1+ 39. Kc2 Ne2 40. Kb3 Nc3 41. Nc5+ Kd6 42. Kxb4 Na2+ 43. Kc4 Kc6 44. h5 Kd6 45. a5 1-0

[Event "BIH-chT2 27th"]
[Site "Lukavac"]
[Date "2020.10.30"]
[Round "1.2"]
[White "Hamzagic, Abdel"]
[Black "Hebilovic, Mirsad"]
[Result "0-1"]
[WhiteElo "2028"]
[BlackElo "1894"]
[PlyCount "70"]
[EventDate "2020.10.30"]
[EventType "team-tourn"]
[EventRounds "5"]
[EventCountry "BIH"]
[SourceTitle "CBM 199 Extra"]
[Source "ChessBase"]
[SourceDate "2021.01.31"]
[SourceVersion "1"]
[SourceVersionDate "2021.01.31"]
[SourceQuality "1"]
[WhiteTeam "Zivinice"]
[BlackTeam "Cazin Ljiljan"]
[WhiteTeamCountry "BIH"]
[BlackTeamCountry "BIH"]

1. c4 e5 2. Nc3 Nf6 3. g3 g6 4. Bg2 Bg7 5. Nf3 d6 6. d4 exd4 7. Nxd4 c6 8. Bg5 Qa5 9. Qd2 0-0 10. Rd1 Nbd7 11. 0-0 Re8 12. e4 Qc7 13. Nde2 Bf8 14. h3 Nh5 15. Be3 b6 16. g4 Ng7 17. f4 Nc5 18. Nd4 Bb7 19. b4 Nd7 20. Rc1 Rad8 21. Qf2 c5 22. Ndb5 Qb8 23. bxc5 Nxc5 24. Nd5 Bxd5 25. exd5 Nd3 26. Qf3 Nxc1 27. Bxc1 Qc8 28. Qc3 Re2 29. Nxa7 Qc5+ 30. Kh1 Ra8 31. Bf3 Rf2 32. Rxf2 Qxf2 33. Bb2 Rxa7 34. a3 Re7 35. Bg2 Re2 0-1

[Event "BIH-chT 14th"]
[Site "Prijedor"]
[Date "2015.09.11"]
[Round "7.5"]
[White "Hebilovic, Mirsad"]
[Black "Arsovic, Goran"]
[Result "0-1"]
[WhiteElo "1901"]
[BlackElo "2389"]
[PlyCount "47"]
[EventDate "2015.09.05"]
[EventType "team-tourn"]
[EventRounds "9"]
[EventCountry "BIH"]
[SourceTitle "EXT 2016"]
[Source "ChessBase"]
[SourceDate "2015.10.08"]
[SourceVersion "1"]
[SourceVersionDate "2015.10.08"]
[SourceQuality "1"]
[WhiteTeam "Cazin Ljiljan"]
[BlackTeam "Samac"]
[WhiteTeamCountry "BIH"]
[BlackTeamCountry "BIH"]

1. d4 Nf6 2. c4 d6 3. Nf3 g6 4. g3 Bg7 5. Bg2 0-0 6. 0-0 c6 7. Nbd2 Nbd7 8. e4 e5 9. d5 Nc5 10. Qc2 a5 11. b3 Bd7 12. Ne1 Rc8 13. Qd1 cxd5 14. exd5 b5 15. h3 h5 16. Qe2 Qb6 17. Ba3 b4 18. Bb2 a4 19. Nd3 Nxd3 20. Qxd3 a3 21. Bc1 e4 22. Nxe4 Nxe4 23. Qxe4 Bf5 24. Qf3 0-1

[Event "BIH-chT 14th"]
[Site "Prijedor"]
[Date "2015.09.10"]
[Round "6.1"]
[White "Predojevic, Borki"]
[Black "Hebilovic, Mirsad"]
[Result "1-0"]
[WhiteElo "2621"]
[BlackElo "1901"]
[PlyCount "31"]
[EventDate "2015.09.05"]
[EventType "team-tourn"]
[EventRounds "9"]
[EventCountry "BIH"]
[SourceTitle "EXT 2016"]
[Source "ChessBase"]
[SourceDate "2015.10.08"]
[SourceVersion "1"]
[SourceVersionDate "2015.10.08"]
[SourceQuality "1"]
[WhiteTeam "Sarajevo Bosna"]
[BlackTeam "Cazin Ljiljan"]
[WhiteTeamCountry "BIH"]
[BlackTeamCountry "BIH"]

1. e4 e6 2. d4 d5 3. Nd2 Nd7 4. Ngf3 Be7 5. e5 c5 6. c3 cxd4 7. cxd4 Bb4 8. Bd3 Ne7 9. a3 Ba5 10. 0-0 Bxd2 11. Bxd2 Ng6 12. Bb4 Ne7 13. Rc1 g6 14. Bd6 Nb6 15. Bb5+ Kf8 16. Bc7 1-0

[Event "BIH-chT 14th"]
[Site "Prijedor"]
[Date "2015.09.08"]
[Round "4.2"]
[White "Hebilovic, Mirsad"]
[Black "Jankovic, Alojzije"]
[Result "0-1"]
[WhiteElo "1901"]
[BlackElo "2548"]
[PlyCount "64"]
[EventDate "2015.09.05"]
[EventType "team-tourn"]
[EventRounds "9"]
[EventCountry "BIH"]
[SourceTitle "EXT 2016"]
[Source "ChessBase"]
[SourceDate "2015.10.08"]
[SourceVersion "1"]
[SourceVersionDate "2015.10.08"]
[SourceQuality "1"]
[WhiteTeam "Cazin Ljiljan"]
[BlackTeam "Sarajevo Napredak"]
[WhiteTeamCountry "BIH"]
[BlackTeamCountry "BIH"]

1. d4 Nf6 2. Nf3 g6 3. g3 Bg7 4. Bg2 0-0 5. 0-0 d6 6. Re1 Nbd7 7. Nbd2 c5 8. c3 d5 9. Qc2 Qc7 10. e3 b6 11. b3 e5 12. Nxe5 Nxe5 13. dxe5 Qxe5 14. Bb2 Bf5 15. e4 Nxe4 16. Nxe4 Rae8 17. f3 dxe4 18. fxe4 Bg4 19. Qf2 c4 20. h3 Be6 21. b4 Qc7 22. Re3 Rd8 23. Rae1 Be5 24. Rf3 Rd3 25. Kh2 Rfd8 26. Bf1 Rd2 27. Re2 Rd1 28. Rc2 h5 29. h4 Bg4 30. Re3 Qe7 31. Kg2 R8d6 32. Re1 Rf6 0-1

[Event "BIH-chT 14th"]
[Site "Prijedor"]
[Date "2015.09.07"]
[Round "3.4"]
[White "Prastalo, Borislav"]
[Black "Hebilovic, Mirsad"]
[Result "1-0"]
[WhiteElo "2305"]
[BlackElo "1901"]
[PlyCount "61"]
[EventDate "2015.09.05"]
[EventType "team-tourn"]
[EventRounds "9"]
[EventCountry "BIH"]
[SourceTitle "EXT 2016"]
[Source "ChessBase"]
[SourceDate "2015.10.08"]
[SourceVersion "1"]
[SourceVersionDate "2015.10.08"]
[SourceQuality "1"]
[WhiteTeam "Banja Luka"]
[BlackTeam "Cazin Ljiljan"]
[WhiteTeamCountry "BIH"]
[BlackTeamCountry "BIH"]

1. e4 e6 2. d4 d5 3. Nc3 c6 4. Nf3 h6 5. Bd3 dxe4 6. Nxe4 Nd7 7. 0-0 Ngf6 8. Qe2 Be7 9. c3 Qc7 10. Ng3 Bd6 11. Nf5 Kf8 12. Nxd6 Qxd6 13. g3 b6 14. Bf4 Qe7 15. c4 Bb7 16. Rfe1 g6 17. Bd2 Kg7 18. Rad1 Rhe8 19. Bc3 Kh7 20. Ne5 Rad8 21. h3 a6 22. Qe3 Nxe5 23. dxe5 Ng8 24. Qxb6 c5 25. Bf1 h5 26. Rd6 Nh6 27. Red1 Rxd6 28. exd6 Qd7 29. Qc7 Rd8 30. Qxd7 Rxd7 31. b4 1-0